000 00845nam a2200265Ia 4500
003 OSt
005 20221005105834.0
006 a|||||r|||| 00| 0
007 ta
008 221004b |||||||| |||| 00| 0 urd d
020 _a8126014075 (pbk)
_c25
024 _a95313
037 _b537, 24/03/2009, Vani Prakashan
_cTextual
040 _aCRL
_cCRL
_burd
041 _2urd
_aurd
082 _aO168,1L97:g, 152P2
100 _aमुजीब
245 0 _aग़ालिब
246 _aग़āliba
260 _aनई दिल्ली
_bसाहित्य अकादमी भारत
_c2002
300 _a95पृ0
_ccm.
650 _aउर्दू साहित्य
942 _hO168,1L97:g, 152P2
_cTEXL
_2cc
999 _c1017046
_d1017046